| 000 | 01475nam0a22002651 4500 | ||
|---|---|---|---|
| 001 | rc\2706410 | ||
| 005 | 20260408023325.0 | ||
| 035 | _a(NLR Aleph) 006834452 | ||
| 090 |
_a6579592 _c6579592 |
||
| 100 | _a20110915d1934 |||y0rusy50 ca | ||
| 101 | 0 | _arus | |
| 102 | _aRU | ||
| 105 | _aa z ||||| | ||
| 200 | 1 |
_aПроизводственная инструкция по применению аммонитов в подземных работах каменноугольной промышленности _f[Предисл.: проф. В. Л. Биленко] _gНКТП СССР. Глав. упр. угольной пром-сти Главуголь. НКТП СССР. Всес. трест по производству буро-взрывных работ Союзвзрывпром |
|
| 210 |
_aМосква _aГрозный _aЛенинград _aНовосибирск _cГорнотопливная ред. _d1934 _e[Калуга] _gтип. Мособлполиграфа |
||
| 215 |
_aОбл., 92, [3] с. _cил. _d17х13 см. |
||
| 702 | 1 |
_aБиленко _bВ.Л. _4080 |
|
| 712 | 0 | 2 |
_a"Союзвзрывпром", трест _cМосква _3RU\NLR\AUTH\8819565 _9312504 |
| 712 | 0 | 1 |
_aСССР _bГлавное управление угольной и сланцевой промышленности _3RU\NLR\AUTH\8810183826 _9864384 |
| 801 | 0 |
_aRU _bNLR _gpsbo |
|
| 801 | 1 |
_aRU _bELAR _2rusmarc |
|
| 852 |
_aNLR _j34-9/6568 |
||
| 942 | _cBOOK | ||
| 980 | _aNB | ||